Alstroemerias de Chile: diversidad, distribución y conservación
Furkejuvvon:
| Váldodahkki: | |
|---|---|
| Eará dahkkit: | |
| Materiálatiipa: | Girji |
| Giella: | espánnjágiella |
| Almmustuhtton: |
Santiago
Taller La Era
2003
|
| Preanttus: | 1a. ed |
| Fáttát: | |
| Fáddágilkorat: |
Lasit fáddágilkoriid
Eai fáddágilkorat, Lasit vuosttaš fáddágilkora!
|
MARC
| LEADER | 00000nam a2200000 a 4500 | ||
|---|---|---|---|
| 001 | UCL7003 | ||
| 003 | CL-VaPUC | ||
| 008 | 040423e20030000CL |||||||||||||||||spa|d | ||
| 020 | |a 9568201025 | ||
| 082 | 0 | 4 | |a 581.983 |b MUÑ |2 21 |
| 100 | |a Muñoz Schick, Mélica |e autora |9 484707 | ||
| 700 | |a Moreira-Muñoz, Andrés Sergio |e autor |9 587390 | ||
| 245 | 1 | 0 | |a Alstroemerias de Chile: diversidad, distribución y conservación |
| 250 | |a 1a. ed | ||
| 300 | |a 139 p | ||
| 942 | |c BK | ||
| 945 | |d 20040423 00:00:00 |a cmena | ||
| 260 | |a Santiago |b Taller La Era |c 2003 | ||
| 650 | 7 | |a BOTANICA CHILENA |2 CL-VaPUC |9 484709 | |
| 650 | 0 | |a Flora nativa |9 470614 | |
| 650 | 0 | |a Plantas |9 264555 | |
| 650 | 0 | |a Organismos vivos |9 264556 | |
| 650 | 0 | |a Ecología vegetal |9 264247 | |
| 650 | 7 | |a RAICES |2 CL-VaPUC |9 372488 | |
| 651 | 7 | |a CHILE |2 CL-VaPUC |9 484710 | |
| 583 | |a last modification |c 20040423 00:00:00 |k Rodrigo Vera | ||
| 999 | |c 308873 |d 308871 | ||
| 952 | |0 0 |1 0 |4 0 |6 581_983000000000000_MUÑ_2003 |7 0 |8 A |9 375787 |a BIBCUR |b BIBCUR |d 2019-11-21 |i 3979431 |o 581.983 MUÑ 2003 |p 3979431 |r 2025-04-22 |w 2019-11-21 |y BK |k BCB | ||
| 952 | |0 0 |1 0 |4 0 |6 581_983000000000000_MUÑ_2003 |7 0 |8 A |9 375788 |a BIBAGR |b BIBAGR |d 2019-11-21 |i 3979423 |l 5 |m 1 |o 581.983 MUÑ 2003 |p 3979423 |r 2025-01-20 |s 2023-05-23 |w 2019-11-21 |y BK |k AGR | ||